Part F 2010 (Record no. 113910)

MARC details
000 -LEADER
fixed length control field 00847cad a22002175a 4500
001 - CONTROL NUMBER
control field L155907
008 - FIXED-LENGTH DATA ELEMENTS--GENERAL INFORMATION
fixed length control field 120420s2010 xxko f 000 0 eng d
035 ## - SYSTEM CONTROL NUMBER
System control number (Sirsi) u155907
041 0# - LANGUAGE CODE
Language code of text/sound track or separate title eng
110 1# - MAIN ENTRY--CORPORATE NAME
Corporate name or jurisdiction name as entry element NHBC Foundation
9 (RLIN) 4948
245 00 - TITLE STATEMENT
Title Part F 2010
Remainder of title where to start
Medium [electronic resource]
260 ## - PUBLICATION, DISTRIBUTION, ETC.
Place of publication, distribution, etc. Milton Keynes
Name of publisher, distributor, etc. NHBC Foundation
Date of publication, distribution, etc. 2010
490 #0 - SERIES STATEMENT
Series statement NF
Volume/sequential designation 37
520 ## - SUMMARY, ETC.
Summary, etc. This guide is intended to help house builders and designers understand what the October 2010 changes to Approved Document F (Ventilation) (ADF) mean.
521 2# - TARGET AUDIENCE NOTE
Target audience note Advanced
590 ## - LOCAL NOTE (RLIN)
Local note KA
651 #4 - SUBJECT ADDED ENTRY--GEOGRAPHIC NAME
Geographic name United Kingdom
Chronological subdivision
690 ## - LOCAL SUBJECT ADDED ENTRY--TOPICAL TERM (OCLC, RLIN)
Topical term or geographic name as entry element Building regulations
9 (RLIN) 6224
856 40 - ELECTRONIC LOCATION AND ACCESS
Uniform Resource Identifier <a href="https://www.nhbcfoundation.org/Researchpublications/NF37PartF2010/tabid/479/Default.aspx">https://www.nhbcfoundation.org/Researchpublications/NF37PartF2010/tabid/479/Default.aspx</a>
Public note Login or register to view the report (PDF file) at www.nhbcfoundation.org
942 ## - ADDED ENTRY ELEMENTS (KOHA)
Suppress in OPAC 0
Holdings
Withdrawn status Lost status Source of classification or shelving scheme Damaged status Not for loan Home library Current library Shelving location Date acquired Total Checkouts Full call number Barcode Date last seen Copy number Price effective from Koha item type
    Dewey Decimal Classification     Virtual Virtual Online 20/04/2012   ONLINE PUBLICATION 155907-2001 06/08/2019 1 06/08/2019 Book